[Event "BCF-chT4S 2324 (4NCL)"]
[White "Sanfey, Peter"]
[Black "Chicrala, Andre"]
[Site "England"]
[Round "1.66"]
[Result "1-0"]
[Date "2023.11.18"]
[WhiteElo "1409"]
[BlackElo "1500"]
[PlyCount "47"]
[EventDate "2024.02.11"]
[EventType "team-swiss"]
[EventRounds "11"]
[EventCountry "ENG"]
[SourceTitle "EXT 2025"]
[Source "ChessBase"]
[SourceDate "2024.10.14"]
[SourceVersion "1"]
[SourceVersionDate "2024.10.14"]
[SourceQuality "1"]
[WhiteTeam "Barnet Knights III"]
[BlackTeam "Lancaster"]
[WhiteTeamCountry "ENG"]
[BlackTeamCountry "ENG"]

1. Nf3 Nf6 2. g3 e6 3. Bg2 d5 4. 0-0 c5 5. d3 Nc6 6. Nbd2 Bd6 7. e4 0-0 8. Qe2 dxe4 9. dxe4 e5 10. Nc4 Be6 11. Bg5 Bxc4 12. Qxc4 h6 13. Be3 Qe7 14. Nh4 Qe6 15. Qb5 Nd4 16. Bxd4 exd4 17. Qxb7 Rfb8 18. Qa6 Rxb2 19. e5 Rd8 20. exd6 Rxc2 21. Qxa7 Rxd6 22. Rae1 Qxa2 23. Qb8+ Kh7 24. Qxd6 1-0